000 00476nam a2200145Ia 4500
008 100204s9999 xx 000 0 und d
082 _b12283
100 _aसाठे माया
245 _aपाटलाचा वाडा
260 _b"बांदोडकर पब्लिशिंग हाऊस, गोवा"
_c1989
300 _a178
630 _aपाटलाचा वाडा
730 _aपाटलाचा वाडा
942 _cBOOK
999 _c456716
_d456713